Agricultural charges and foot-and-mouth compensation (Record no. 66755)
[ view plain ]
| 000 -LEADER | |
|---|---|
| fixed length control field | 00938cam a2200229 4500 |
| 001 - CONTROL NUMBER | |
| control field | ABS63916 |
| 008 - FIXED-LENGTH DATA ELEMENTS--GENERAL INFORMATION | |
| fixed length control field | 000000n2001 000 0 eng u |
| 035 ## - SYSTEM CONTROL NUMBER | |
| System control number | (Sirsi) u112095 |
| 100 ## - MAIN ENTRY--PERSONAL NAME | |
| Personal name | Hill, G. |
| 245 ## - TITLE STATEMENT | |
| Title | Agricultural charges and foot-and-mouth compensation |
| 260 ## - PUBLICATION, DISTRIBUTION, ETC. | |
| Date of publication, distribution, etc. | 2001 |
| 490 ## - SERIES STATEMENT | |
| Series statement | New Law Journal |
| Volume/sequential designation | 151(6978) April 6 2001, 484 & 504(2) |
| 520 ## - SUMMARY, ETC. | |
| Summary, etc. | Examines the acts relating to foot and mouth compensation. Mentions Agricultural Credits Act 1928 and the Animal Health Act 1981 which empowers the Minister of Agriculture Fisheries and Food to require animals infected with various diseases to be slaughtered but gives allowances for payment of compensation. |
| 590 ## - LOCAL NOTE (RLIN) | |
| Local note | ABS |
| 650 ## - SUBJECT ADDED ENTRY--TOPICAL TERM | |
| Topical term or geographic name entry element | FOOT-AND-MOUTH DISEASE |
| 650 ## - SUBJECT ADDED ENTRY--TOPICAL TERM | |
| Topical term or geographic name entry element | AGRICULTURAL CREDITS ACT 1928 |
| 650 ## - SUBJECT ADDED ENTRY--TOPICAL TERM | |
| Topical term or geographic name entry element | ANIMAL HEALTH ACT 1981 |
| 650 ## - SUBJECT ADDED ENTRY--TOPICAL TERM | |
| Topical term or geographic name entry element | AGRICULTURAL CHARGES |
| 650 ## - SUBJECT ADDED ENTRY--TOPICAL TERM | |
| Topical term or geographic name entry element | MAFF |
| 690 ## - LOCAL SUBJECT ADDED ENTRY--TOPICAL TERM (OCLC, RLIN) | |
| Topical term or geographic name as entry element | RURAL-AGRICULTURE AND FORESTRY |
| 942 ## - ADDED ENTRY ELEMENTS (KOHA) | |
| Suppress in OPAC | 0 |
| Withdrawn status | Lost status | Source of classification or shelving scheme | Damaged status | Not for loan | Home library | Current library | Shelving location | Date acquired | Total Checkouts | Full call number | Barcode | Date last seen | Copy number | Price effective from | Koha item type |
|---|---|---|---|---|---|---|---|---|---|---|---|---|---|---|---|
| Dewey Decimal Classification | London | London | Journal article | 23/04/2001 | ABS63916 | 112095-1001 | 06/08/2019 | 1 | 06/08/2019 | Journal article |